Cuatro fases de la historia intelectual latinoamericana, 1810-1970 /

Compilación de conferencias dictadas por Juan Marichal, en las que realiza cuatro paradas en la historia del pensamiento latinoamericano de los últimos dos siglos y analiza los momentos y los personajes más representativos.

Αποθηκεύτηκε σε:
Λεπτομέρειες βιβλιογραφικής εγγραφής
Κύριος συγγραφέας: Marichal, Juan (autor)
Μορφή: Βιβλίο
Γλώσσα:Ισπανικά
Έκδοση: Madrid, España : Fundación Juan March, 1978, c1978
Θέματα:
Ετικέτες: Προσθήκη ετικέτας
Δεν υπάρχουν, Καταχωρήστε ετικέτα πρώτοι!

MARC

LEADER 00000nam^a2200000^a^4500
001 000131988
005 20250521000000.0
009 20260310095040.951
020 |a 84-376-0156-8 
037 |a Acervo ITESO - Biblioteca 
041 |a ESP 
082 |a 980. 03  |b MAR 
100 |a Marichal, Juan  |e (autor) 
245 1 0 |a Cuatro fases de la historia intelectual latinoamericana, 1810-1970 /  |c J. Marichal. 
264 4 |a Madrid, España :  |b Fundación Juan March,  |c 1978, c1978 
300 |a 102 p. 
336 |a texto  |b txt  |2 rdacontenido 
337 |a sin mediación  |b n  |2 rdamedio 
338 |a volumen  |b nc  |2 rdasoporte 
520 |a Compilación de conferencias dictadas por Juan Marichal, en las que realiza cuatro paradas en la historia del pensamiento latinoamericano de los últimos dos siglos y analiza los momentos y los personajes más representativos. 
649 |a XX 
650 |a Intelectuales y Estado -  |z Latinoamérica -  |x Historia 
650 |a Liberalismo -  |z Latinoamérica -  |x Historia 
650 |a Democracia -  |z Latinoamérica -  |x Historia 
650 |a Ideología -  |z Latinoamérica -  |x Historia 
650 |a Filosofía Política -  |z Latinoamérica -  |x Historia 
650 |a Política -  |z Latinoamérica -  |x Historia 
650 |a Latinoamérica -  |x Historia 
910 |a Fondo Salvador Reynoso Reynoso 
920 |a Impresos - Libros 
930 |a Fondos Especiales 
905 |a 112 
901 |a 0800012436  |b IT2  |c ESP  |u 20250521 
902 |a https://opac.biblio.iteso.mx/vufind/Record/000131988